[Event "HUN-chT2 Breyer 1819"]
[Site "Hungary"]
[Date "2018.10.28"]
[Round "1.3"]
[White "Agardi, Norbert"]
[Black "Bresztyak, Janos"]
[Result "1-0"]
[WhiteElo "2157"]
[BlackElo "2146"]
[PlyCount "83"]
[EventDate "2018.10.28"]
[EventType "team-tourn"]
[EventRounds "9"]
[EventCountry "HUN"]
[SourceTitle "CBM 189 Extra"]
[Source "ChessBase"]
[SourceDate "2019.05.31"]
[SourceVersion "1"]
[SourceVersionDate "2019.05.31"]
[SourceQuality "1"]
[WhiteTeam "Vizugy"]
[BlackTeam "Esztergom"]
[WhiteTeamCountry "HUN"]
[BlackTeamCountry "HUN"]

1. e4 c5 2. Nf3 a6 3. d4 cxd4 4. c3 d5 5. exd5 Nf6 6. Nxd4 Qxd5 7. Qb3 e5 8. Qxd5 Nxd5 9. Nc2 Bc5 10. Bc4 Be6 11. 0-0 Nd7 12. Nd2 f6 13. Ne4 Nxc3 14. Bxe6 Nxe4 15. Be3 Ke7 16. Bd5 Nd6 17. b4 Bb6 18. a4 Rhc8 19. a5 Ba7 20. Rfc1 Rc7 21. Bxa7 Rxa7 22. Ne3 b6 23. Bc6 Kd8 24. Nd5 Rc8 25. axb6 Nxb6 26. Nxb6 Rb8 27. Nc4 Nf5 28. b5 Nd4 29. b6 Re7 30. Bf3 Rd7 31. Rcb1 e4 32. Bd1 Nb5 33. Ba4 Rd4 34. Rd1 Ke7 35. Ne3 Rxd1+ 36. Bxd1 Nc3 37. Rxa6 Nxd1 38. Nxd1 f5 39. Kf1 Kd6 40. Ne3 g6 41. Ra1 Rxb6 42. Nc4+ 1-0

[Event "HUN-chT2 Breyer 1718"]
[Site "Hungary"]
[Date "2017.10.29"]
[Round "3.3"]
[White "Agardi, Norbert"]
[Black "Toth, Istvan2"]
[Result "0-1"]
[WhiteElo "2167"]
[BlackElo "1932"]
[PlyCount "116"]
[EventDate "2017.09.24"]
[EventType "team-tourn"]
[EventRounds "11"]
[EventCountry "HUN"]
[SourceTitle "EXT 2021"]
[Source "ChessBase"]
[SourceDate "2020.10.23"]
[SourceVersion "1"]
[SourceVersionDate "2020.10.23"]
[SourceQuality "1"]
[WhiteTeam "Vizugy"]
[BlackTeam "Nyergesujfalu"]
[WhiteTeamCountry "HUN"]
[BlackTeamCountry "HUN"]

1. e4 e5 2. Nf3 d6 3. d4 Nc6 4. Bc4 Be7 5. c3 Nf6 6. Qd3 0-0 7. Be3 Re8 8. Ng5 Rf8 9. h4 a6 10. Nd2 Na5 11. Bxf7+ Rxf7 12. Nxf7 Kxf7 13. Nf3 Nc6 14. Ng5+ Kg8 15. 0-0-0 h6 16. Nh3 b5 17. f3 Nh5 18. g4 Nf4 19. Nxf4 exf4 20. Bxf4 Bxh4 21. Qd2 Na5 22. b3 Be6 23. Kc2 Bg5 24. Bxg5 Qxg5 25. Qxg5 hxg5 26. Kd3 Rf8 27. Ke3 Rf6 28. Rh5 Rg6 29. Rdh1 Kf8 30. Rh8+ Bg8 31. d5 Rf6 32. R1h5 Rg6 33. Kd4 Rf6 34. Ke3 Rg6 35. Rh2 Rf6 36. R8h5 Rg6 37. Kd4 c5+ 38. Ke3 Ke7 39. Rh8 Kf8 40. Rh1 Rf6 41. R1h5 Rg6 42. e5 dxe5 43. Ke4 Nb7 44. Kxe5 Nd6 45. c4 Nf7+ 46. Kf5 Rf6+ 47. Ke4 Nxh8 48. Rxh8 Rh6 49. Rxh6 gxh6 50. Ke5 Ke7 51. cxb5 axb5 52. a4 bxa4 53. bxa4 c4 54. a5 c3 55. a6 c2 56. a7 c1Q 57. d6+ Kd7 58. a8Q Qf4# 0-1

[Event "HUN-chT2 Charousek 0708"]
[Site "Hungary"]
[Date "2008.04.27"]
[Round "10"]
[White "Agardi, Norbert"]
[Black "Lazar, Ales Ml"]
[Result "0-1"]
[WhiteElo "2167"]
[BlackElo "2273"]
[PlyCount "74"]
[EventDate "2007.10.14"]
[EventType "team-tourn"]
[EventRounds "11"]
[EventCountry "HUN"]
[SourceTitle "EXT 2009"]
[Source "ChessBase"]
[SourceDate "2008.11.26"]
[SourceVersion "1"]
[SourceVersionDate "2008.11.26"]
[SourceQuality "1"]
[WhiteTeam "Vizugy"]
[BlackTeam "Nagykanizsa II"]
[WhiteTeamCountry "HUN"]
[BlackTeamCountry "HUN"]

1. e4 c5 2. Nf3 e6 3. d4 cxd4 4. Nxd4 Nc6 5. Nc3 Qc7 6. Be3 a6 7. Bd3 Nf6 8. 0-0 Ne5 9. h3 Bc5 10. Kh1 d6 11. f4 Ng6 12. Qe1 Bd7 13. Nb3 Bxe3 14. Qxe3 0-0 15. a4 Rfe8 16. a5 e5 17. fxe5 Rxe5 18. Rxf6 gxf6 19. Nd5 Qd8 20. Qf3 Be6 21. Nxf6+ Kh8 22. Nd4 Qe7 23. b4 Rd8 24. Rf1 Qf8 25. Nd5 Qg7 26. Ne3 Ne7 27. Ndf5 Nxf5 28. exf5 Bd7 29. Ng4 Bc6 30. f6 Qg8 31. Qf2 Rg5 32. Rg1 Rxg4 33. hxg4 Qxg4 34. Re1 Rg8 35. Re2 Qh5+ 36. Kg1 Bxg2 37. Bg6 Qh1# 0-1

[Event "HUN-chT2 Charousek 0708"]
[Site "Hungary"]
[Date "2007.12.16"]
[Round "5"]
[White "Agardi, Norbert"]
[Black "Szakolczai, Peter"]
[Result "0-1"]
[WhiteElo "2167"]
[BlackElo "2272"]
[PlyCount "82"]
[EventDate "2007.10.14"]
[EventType "team-tourn"]
[EventRounds "11"]
[EventCountry "HUN"]
[SourceTitle "EXT 2009"]
[Source "ChessBase"]
[SourceDate "2008.11.26"]
[SourceVersion "1"]
[SourceVersionDate "2008.11.26"]
[SourceQuality "1"]
[WhiteTeam "Vizugy"]
[BlackTeam "Dunaharaszti"]
[WhiteTeamCountry "HUN"]
[BlackTeamCountry "HUN"]

1. d4 Nf6 2. Nf3 e6 3. e3 b6 4. Bd3 Bb7 5. 0-0 Be7 6. Qe2 d5 7. Ne5 c5 8. c3 Qc8 9. b3 0-0 10. Nd2 a5 11. a4 Ba6 12. Ba3 Bxd3 13. Qxd3 Nbd7 14. f4 g6 15. Kh1 Qb7 16. Qe2 Rab8 17. g4 Bd6 18. Qg2 Qc7 19. Rac1 b5 20. g5 Bxe5 21. fxe5 Nh5 22. axb5 Rxb5 23. c4 dxc4 24. Rxc4 Qb6 25. Rfc1 Rc8 26. Bxc5 Nxc5 27. Ne4 Rxb3 28. Nxc5 Rb1 29. Qc2 Qc6+ 30. e4 Rb4 31. Rxb4 axb4 32. Qd2 Qb5 33. Rb1 Ra8 34. Qxb4 Qe2 35. Qb2 Qe3 36. Ra1 Qf3+ 37. Kg1 Rxa1+ 38. Qxa1 Nf4 39. Qa8+ Kg7 40. Nxe6+ Nxe6 41. Qc6 Nxg5 0-1

[Event "HUN-chT2 Breyer 0506"]
[Site "Hungary"]
[Date "2006.04.09"]
[Round "10"]
[White "Agardi, Norbert"]
[Black "Bereczki, Istvan"]
[Result "1/2-1/2"]
[WhiteElo "2197"]
[BlackElo "2149"]
[PlyCount "46"]
[EventDate "2005.10.16"]
[EventType "team-tourn"]
[EventRounds "11"]
[EventCountry "HUN"]
[SourceTitle "EXT 2009"]
[Source "ChessBase"]
[SourceDate "2008.11.26"]
[SourceVersion "1"]
[SourceVersionDate "2008.11.26"]
[SourceQuality "1"]
[WhiteTeam "Barcza"]
[BlackTeam "Vertesi Eromu"]
[WhiteTeamCountry "HUN"]
[BlackTeamCountry "HUN"]

1. Nf3 Nf6 2. d3 d5 3. g3 g6 4. Bg2 Bg7 5. 0-0 0-0 6. Nbd2 c6 7. e4 dxe4 8. dxe4 Bg4 9. h3 Bxf3 10. Qxf3 Nbd7 11. Qe2 e5 12. Nc4 Qc7 13. Be3 b5 14. Na3 Rfd8 15. Rfd1 Nb6 16. b3 Bf8 17. Bc1 Rxd1+ 18. Qxd1 Rd8 19. Qf3 Nxe4 20. Qxe4 Rd1+ 21. Kh2 Bxa3 22. Bb2 Rxa1 23. Bxa1 Bd6 1/2-1/2

[Event "HUN-chT2 Breyer 0506"]
[Site "Hungary"]
[Date "2006.03.19"]
[Round "9"]
[White "Agardi, Norbert"]
[Black "Balvanyos, Istvan"]
[Result "1/2-1/2"]
[WhiteElo "2197"]
[BlackElo "2111"]
[PlyCount "82"]
[EventDate "2005.10.16"]
[EventType "team-tourn"]
[EventRounds "11"]
[EventCountry "HUN"]
[SourceTitle "EXT 2009"]
[Source "ChessBase"]
[SourceDate "2008.11.26"]
[SourceVersion "1"]
[SourceVersionDate "2008.11.26"]
[SourceQuality "1"]
[WhiteTeam "Barcza"]
[BlackTeam "Turul"]
[WhiteTeamCountry "HUN"]
[BlackTeamCountry "HUN"]

1. e4 d6 2. d4 Nf6 3. Nc3 g6 4. Be3 Bg7 5. f3 Nbd7 6. Nh3 c5 7. Qd2 cxd4 8. Bxd4 0-0 9. 0-0-0 Qa5 10. Kb1 b6 11. Nf2 Nc5 12. h4 Ne6 13. Be3 Bb7 14. Bc4 Rac8 15. Bb3 Rc7 16. g4 Nd7 17. Nd5 Bxd5 18. Qxa5 bxa5 19. Bxd5 Rb8 20. b3 Nec5 21. Kc1 a4 22. Kd2 e6 23. Bc4 axb3 24. cxb3 d5 25. exd5 exd5 26. Bxd5 Nb6 27. Ke2 Re8 28. Be4 f5 29. gxf5 Nxe4 30. fxe4 gxf5 31. Rhg1 Kf7 32. Rg5 fxe4 33. Rg4 Rc2+ 34. Rd2 Rxd2+ 35. Kxd2 Rd8+ 36. Ke2 Rc8 37. Nxe4 Rc2+ 38. Kf3 Rxa2 39. Nd6+ Kf8 40. Nf5 Bf6 41. Nh6 Nd7 1/2-1/2

[Event "HUN-chT2 Breyer 0506"]
[Site "Hungary"]
[Date "2006.02.12"]
[Round "7"]
[White "Agardi, Norbert"]
[Black "Forgacs, Attila"]
[Result "0-1"]
[WhiteElo "2197"]
[BlackElo "2170"]
[PlyCount "48"]
[EventDate "2005.10.16"]
[EventType "team-tourn"]
[EventRounds "11"]
[EventCountry "HUN"]
[SourceTitle "EXT 2009"]
[Source "ChessBase"]
[SourceDate "2008.11.26"]
[SourceVersion "1"]
[SourceVersionDate "2008.11.26"]
[SourceQuality "1"]
[WhiteTeam "Barcza"]
[BlackTeam "Balatonfuered"]
[WhiteTeamCountry "HUN"]
[BlackTeamCountry "HUN"]

1. e4 c5 2. Nf3 d6 3. d4 cxd4 4. Nxd4 Nf6 5. Nc3 a6 6. Be3 e6 7. f3 b5 8. Qd2 Nbd7 9. g4 h6 10. 0-0-0 Bb7 11. h4 b4 12. Na4 d5 13. Bh3 Qa5 14. b3 g5 15. Kb1 dxe4 16. hxg5 hxg5 17. Bxg5 exf3 18. Nxe6 fxe6 19. Bxf6 Nxf6 20. g5 Rd8 21. Qe3 Rxd1+ 22. Rxd1 Ne4 23. Bxe6 Qe5 24. Bd7+ Ke7 0-1

[Event "HUN-chT2 Breyer 0506"]
[Site "Hungary"]
[Date "2005.10.30"]
[Round "2"]
[White "Katona, Ferenc"]
[Black "Agardi, Norbert"]
[Result "0-1"]
[WhiteElo "2204"]
[BlackElo "2197"]
[PlyCount "52"]
[EventDate "2005.10.16"]
[EventType "team-tourn"]
[EventRounds "11"]
[EventCountry "HUN"]
[SourceTitle "EXT 2009"]
[Source "ChessBase"]
[SourceDate "2008.11.26"]
[SourceVersion "1"]
[SourceVersionDate "2008.11.26"]
[SourceQuality "1"]
[WhiteTeam "Kiraly Sakk"]
[BlackTeam "Barcza"]
[WhiteTeamCountry "HUN"]
[BlackTeamCountry "HUN"]

1. e4 c5 2. d4 cxd4 3. c3 dxc3 4. Nxc3 Nc6 5. Nf3 d6 6. Bc4 a6 7. 0-0 Nf6 8. Qe2 Bg4 9. h3 Bxf3 10. Qxf3 g6 11. Rd1 Bg7 12. Bf4 Qa5 13. a3 Ne5 14. Qe2 Nxc4 15. Qxc4 0-0 16. b4 Qh5 17. Qd3 g5 18. Bg3 Rac8 19. Rac1 Qg6 20. Nd5 Nxd5 21. Qxd5 g4 22. Rxc8 Rxc8 23. Qxb7 Qe6 24. Qxa6 gxh3 25. e5 Bxe5 26. Re1 Bxg3 0-1

[Event "Balaton Cup"]
[Site "Balaton"]
[Date "2005.08.28"]
[Round "9"]
[White "Leviczki, Tibor"]
[Black "Agardi, Norbert"]
[Result "1-0"]
[WhiteElo "2349"]
[BlackElo "2197"]
[PlyCount "53"]
[EventDate "2005.08.22"]
[EventType "swiss"]
[EventRounds "9"]
[EventCountry "HUN"]
[SourceTitle "EXT 2008"]
[Source "ChessBase"]
[SourceDate "2007.11.25"]
[SourceVersion "1"]
[SourceVersionDate "2007.11.25"]
[SourceQuality "1"]

1. d4 f5 2. g3 Nf6 3. Bg2 g6 4. c4 Bg7 5. Nc3 d6 6. d5 0-0 7. Nh3 c5 8. Nf4 Na6 9. 0-0 Nc7 10. Rb1 Rb8 11. a4 b6 12. Bd2 Nd7 13. Nb5 Ne5 14. Nxa7 Bd7 15. b3 Ra8 16. Nb5 Nxb5 17. cxb5 Qc7 18. Qc2 Rfc8 19. Bc3 Ra7 20. Ra1 Rca8 21. Kh1 Kh8 22. h3 Qc8 23. Qb2 Qf8 24. Ne6 Bxe6 25. dxe6 f4 26. gxf4 Qxf4 27. e3 1-0

[Event "Balaton Cup"]
[Site "Balaton"]
[Date "2005.08.27"]
[Round "8"]
[White "Agardi, Norbert"]
[Black "Bednay, Bence"]
[Result "1/2-1/2"]
[WhiteElo "2197"]
[BlackElo "2253"]
[PlyCount "34"]
[EventDate "2005.08.22"]
[EventType "swiss"]
[EventRounds "9"]
[EventCountry "HUN"]
[SourceTitle "EXT 2008"]
[Source "ChessBase"]
[SourceDate "2007.11.25"]
[SourceVersion "1"]
[SourceVersionDate "2007.11.25"]
[SourceQuality "1"]

1. e4 c5 2. Nf3 d6 3. d4 cxd4 4. Nxd4 Nf6 5. Nc3 g6 6. Be3 Bg7 7. f3 0-0 8. Qd2 Nc6 9. 0-0-0 d5 10. Nxc6 bxc6 11. exd5 Nxd5 12. Nxd5 cxd5 13. Qxd5 Qc7 14. Qc5 Qb7 15. Qa3 Qc7 16. Qc5 Qb7 17. Qa3 Qc7 1/2-1/2

[Event "HUN-chT2 Breyer 0405"]
[Site "Hungary"]
[Date "2004.10.10"]
[Round "2"]
[White "Agardi, Norbert"]
[Black "Csoli, Odon"]
[Result "1-0"]
[WhiteElo "2175"]
[BlackElo "2177"]
[PlyCount "107"]
[EventDate "2004.09.26"]
[EventType "team-tourn"]
[EventRounds "11"]
[EventCountry "HUN"]
[SourceTitle "EXT 2009"]
[Source "ChessBase"]
[SourceDate "2008.11.26"]
[SourceVersion "1"]
[SourceVersionDate "2008.11.26"]
[SourceQuality "1"]
[WhiteTeam "Barcza"]
[BlackTeam "Vertesi Eromu"]
[WhiteTeamCountry "HUN"]
[BlackTeamCountry "HUN"]

1. e4 c6 2. c4 d5 3. cxd5 cxd5 4. exd5 Nf6 5. Bb5+ Nbd7 6. Nc3 a6 7. Be2 Nb6 8. d4 Nbxd5 9. Nf3 e6 10. 0-0 Be7 11. Bg5 0-0 12. Ne5 Qd6 13. Bf3 Rd8 14. Qb3 Bd7 15. Rac1 Be8 16. Rfd1 Rac8 17. h3 b5 18. Bh4 h6 19. Bg3 Qb6 20. Nxd5 exd5 21. Rxc8 Rxc8 22. Bxd5 Nxd5 23. Qxd5 Qe6 24. Qf3 f6 25. d5 Qb6 26. Qf5 Rd8 27. Ng6 Bd6 28. Bxd6 Qxd6 29. Nf4 Bf7 30. Rc1 g5 31. Ne6 Bxe6 32. dxe6 Kg7 33. Re1 Re8 34. h4 Qd2 35. Qe4 gxh4 36. Qb7+ Kh8 37. Re3 Qd1+ 38. Kh2 Qd6+ 39. Kg1 Qd1+ 40. Kh2 Qd6+ 41. Kh3 f5 42. Qd7 Qe7 43. Qxe7 Rxe7 44. Kxh4 Kg7 45. Kh5 Kf6 46. f4 b4 47. Rg3 Re8 48. Rg6+ Ke7 49. g4 fxg4 50. f5 Rf8 51. Kxg4 h5+ 52. Kg5 h4 53. Rg7+ Ke8 54. f6 1-0

[Event "HUN-chT2 Breyer 0405"]
[Site "Hungary"]
[Date "2004.09.26"]
[Round "1"]
[White "Lako, Laszlo"]
[Black "Agardi, Norbert"]
[Result "1/2-1/2"]
[WhiteElo "2200"]
[BlackElo "2175"]
[PlyCount "23"]
[EventDate "2004.09.26"]
[EventType "team-tourn"]
[EventRounds "11"]
[EventCountry "HUN"]
[SourceTitle "EXT 2009"]
[Source "ChessBase"]
[SourceDate "2008.11.26"]
[SourceVersion "1"]
[SourceVersionDate "2008.11.26"]
[SourceQuality "1"]
[WhiteTeam "MAFC"]
[BlackTeam "Barcza"]
[WhiteTeamCountry "HUN"]
[BlackTeamCountry "HUN"]

1. d4 f5 2. g3 Nf6 3. Bg2 g6 4. b3 Bg7 5. Bb2 d6 6. Nf3 0-0 7. 0-0 Qe8 8. c4 Na6 9. Nbd2 e5 10. dxe5 Ng4 11. e4 f4 12. a3 1/2-1/2

[Event "HUN-chT2 Erkel 0304"]
[Site "Hungary"]
[Date "2003.12.07"]
[Round "5"]
[White "Szarvas, Sandor"]
[Black "Agardi, Norbert"]
[Result "0-1"]
[WhiteElo "2170"]
[BlackElo "2148"]
[PlyCount "60"]
[EventDate "2003.09.28"]
[EventType "team-tourn"]
[EventRounds "11"]
[EventCountry "HUN"]
[SourceTitle "EXT 2009"]
[Source "ChessBase"]
[SourceDate "2008.11.26"]
[SourceVersion "1"]
[SourceVersionDate "2008.11.26"]
[SourceQuality "1"]
[WhiteTeam "Hatvan"]
[BlackTeam "Barcza"]
[WhiteTeamCountry "HUN"]
[BlackTeamCountry "HUN"]

1. c4 e6 2. Nf3 d5 3. g3 c5 4. Bg2 Nc6 5. 0-0 Nf6 6. d3 Be7 7. Nbd2 0-0 8. e4 Qc7 9. Qe2 dxe4 10. dxe4 e5 11. h3 h6 12. b3 Be6 13. Bb2 Rfd8 14. Nh4 Qd7 15. Rfd1 Bxh3 16. Ndf3 Qg4 17. Nf5 Bxg2 18. Kxg2 Nxe4 19. Nxe7+ Nxe7 20. Bxe5 Ng6 21. Rxd8+ Rxd8 22. Qe3 Ng5 23. Nxg5 hxg5 24. Bc3 Rd3 25. Qe8+ Kh7 26. Be1 Nf4+ 27. Kg1 Ne2+ 28. Kh2 Qh5+ 29. Kg2 Qf3+ 30. Kh3 Rd6 0-1

[Event "HUN-chT2 Erkel 0304"]
[Site "Hungary"]
[Date "2003.11.16"]
[Round "3"]
[White "Czegledi, Laszlo"]
[Black "Agardi, Norbert"]
[Result "1-0"]
[WhiteElo "2213"]
[BlackElo "2148"]
[PlyCount "57"]
[EventDate "2003.09.28"]
[EventType "team-tourn"]
[EventRounds "11"]
[EventCountry "HUN"]
[SourceTitle "EXT 2009"]
[Source "ChessBase"]
[SourceDate "2008.11.26"]
[SourceVersion "1"]
[SourceVersionDate "2008.11.26"]
[SourceQuality "1"]
[WhiteTeam "Szekuritas"]
[BlackTeam "Barcza"]
[WhiteTeamCountry "HUN"]
[BlackTeamCountry "HUN"]

1. e4 c5 2. Nf3 Nc6 3. d4 cxd4 4. Nxd4 e5 5. Nb5 d6 6. N1c3 a6 7. Na3 b5 8. Nd5 Nge7 9. Be3 Nxd5 10. exd5 Ne7 11. c4 Nf5 12. Bd2 g6 13. cxb5 Bg7 14. Bc4 0-0 15. 0-0 Qh4 16. Bc3 Nd4 17. bxa6 Bxa6 18. f3 Bxc4 19. Bxd4 Bxf1 20. Bf2 Qb4 21. Qxf1 Qxb2 22. Nc4 Qc2 23. Nxd6 Rxa2 24. Rc1 Qd2 25. Nc8 Bf6 26. d6 Rc2 27. Rxc2 Qxc2 28. d7 Qd3 29. Qxd3 1-0

[Event "HUN-chT2 Erkel 0304"]
[Site "Hungary"]
[Date "2003.10.05"]
[Round "2"]
[White "Agardi, Norbert"]
[Black "Varga, Laszlo"]
[Result "1/2-1/2"]
[WhiteElo "2148"]
[BlackElo "2224"]
[PlyCount "68"]
[EventDate "2003.09.28"]
[EventType "team-tourn"]
[EventRounds "11"]
[EventCountry "HUN"]
[SourceTitle "EXT 2009"]
[Source "ChessBase"]
[SourceDate "2008.11.26"]
[SourceVersion "1"]
[SourceVersionDate "2008.11.26"]
[SourceQuality "1"]
[WhiteTeam "Barcza"]
[BlackTeam "Ujszasz"]
[WhiteTeamCountry "HUN"]
[BlackTeamCountry "HUN"]

1. e4 e6 2. d4 d5 3. Nc3 Bb4 4. e5 c5 5. a3 Bxc3+ 6. bxc3 Ne7 7. h4 Nbc6 8. h5 h6 9. Qg4 Nf5 10. Bd3 Rg8 11. Ne2 Qc7 12. Bd2 Bd7 13. Bxf5 exf5 14. Qh4 Ne7 15. Nf4 Be6 16. Rb1 0-0-0 17. Rb5 c4 18. 0-0 a6 19. Rb2 Rd7 20. Rfb1 Qa5 21. Nxe6 fxe6 22. Rxb7 Rxb7 23. Rxb7 g5 24. hxg6 Nxg6 25. Qf6 Kxb7 26. Qf7+ Ne7 27. Qxe7+ Kb8 28. Qxe6 Rd8 29. Qxf5 Qxa3 30. e6 Qe7 31. Bxh6 Re8 32. Bf4+ Ka7 33. Qxd5 Qxe6 34. Qc5+ Kb7 1/2-1/2

[Event "HUN-chT2 Erkel 0304"]
[Site "Hungary"]
[Date "2003.09.28"]
[Round "1"]
[White "Bandy, Attila"]
[Black "Agardi, Norbert"]
[Result "1-0"]
[WhiteElo "2238"]
[BlackElo "2148"]
[PlyCount "147"]
[EventDate "2003.09.28"]
[EventType "team-tourn"]
[EventRounds "11"]
[EventCountry "HUN"]
[SourceTitle "EXT 2009"]
[Source "ChessBase"]
[SourceDate "2008.11.26"]
[SourceVersion "1"]
[SourceVersionDate "2008.11.26"]
[SourceQuality "1"]
[WhiteTeam "Godollo"]
[BlackTeam "Barcza"]
[WhiteTeamCountry "HUN"]
[BlackTeamCountry "HUN"]

1. d4 d5 2. Nf3 c5 3. c3 Nc6 4. dxc5 a5 5. e4 dxe4 6. Qxd8+ Nxd8 7. Bb5+ Nc6 8. Ne5 Bd7 9. Nxd7 Kxd7 10. Nd2 f5 11. Nc4 Ke6 12. Bf4 Kf6 13. Nb6 Re8 14. Nd7+ Kf7 15. Ne5+ Kf6 16. Nd7+ Kf7 17. Ne5+ Kf6 18. Bxc6 bxc6 19. Nxc6 e5 20. Bd2 a4 21. b4 axb3 22. axb3 Bxc5 23. b4 Ne7 24. Ra6 Bd6 25. Ke2 Ke6 26. c4 Nxc6 27. Rxc6 Rc8 28. Rxc8 Rxc8 29. c5 Bf8 30. Ra1 Kd5 31. g3 Be7 32. h4 Rc7 33. Ra6 Kc4 34. Rb6 Kd5 35. Be3 Kc4 36. b5 f4 37. gxf4 exf4 38. Bxf4 Rxc5 39. Re6 Bxh4 40. b6 Rb5 41. Rxe4+ Kb3 42. Be3 Bd8 43. Re8 Bxb6 44. Rb8 Bxe3 45. Rxb5+ Kc4 46. Rh5 Bh6 47. Kf3 Kd4 48. Kg4 Ke4 49. f3+ Kd4 50. Ra5 Bc1 51. Ra7 Bh6 52. Kf5 Kd5 53. Rd7+ Kc6 54. Ke6 Kc5 55. Rf7 Kd4 56. Kf5 Ke3 57. Kg4 Kd4 58. Re7 Kd5 59. Kf5 Kd6 60. Ra7 Kd5 61. Rd7+ Kc6 62. Ke6 Kc5 63. Kf7 Kc6 64. Rd1 g6 65. Kg8 Bf4 66. Kxh7 g5 67. Kg6 Kc5 68. Kf5 Kc6 69. Rd4 Be3 70. Rg4 Kd5 71. Rxg5 Bxg5 72. Kxg5 Ke5 73. f4+ Ke6 74. Kg6 1-0

[Event "HUN-chT2 Breyer 0203"]
[Site "Hungary"]
[Date "2002.09.22"]
[Round "1"]
[White "Agardi, Norbert"]
[Black "Boncz, Adam"]
[Result "1/2-1/2"]
[WhiteElo "2069"]
[BlackElo "1889"]
[PlyCount "92"]
[EventDate "2002.09.22"]
[EventType "team-tourn"]
[EventRounds "11"]
[EventCountry "HUN"]
[SourceTitle "EXT 2009"]
[Source "ChessBase"]
[SourceDate "2008.11.26"]
[SourceVersion "1"]
[SourceVersionDate "2008.11.26"]
[SourceQuality "1"]

1. e4 d5 2. exd5 Qxd5 3. Nc3 Qa5 4. d4 Nf6 5. Nf3 Bg4 6. h3 Bh5 7. g4 Bg6 8. Ne5 e6 9. Bg2 c6 10. Bd2 Qb6 11. Nxg6 hxg6 12. Qe2 Nbd7 13. 0-0-0 0-0-0 14. Be1 Bd6 15. Qc4 Qc7 16. Ne2 Nd5 17. Bxd5 exd5 18. Qa4 Kb8 19. Ba5 b6 20. Bb4 Bxb4 21. Qxb4 Nf6 22. Ng3 Rde8 23. Qd2 Ne4 24. Nxe4 Rxe4 25. Rde1 Rhe8 26. c3 Qe7 27. Kd1 Qf6 28. Rxe4 Rxe4 29. Re1 Qf3+ 30. Kc2 Kc7 31. Rxe4 Qxe4+ 32. Qd3 f5 33. Kd2 Kd6 34. Qxe4 fxe4 35. h4 Ke6 36. Ke3 Ke7 37. f3 exf3 38. Kxf3 Kf7 39. Kf4 Kf6 40. b3 a6 41. b4 b5 42. g5+ Kf7 43. Kg4 Ke6 44. h5 gxh5+ 45. Kxh5 Kf7 46. Kg4 g6 1/2-1/2